Library Banner

The impostor phenomenon : (Record no. 119681)

MARC details
000 -LEADER
fixed length control field 00605cam a2200205 a 4500
001 - CONTROL NUMBER
control field 3334600
005 - DATE AND TIME OF LATEST TRANSACTION
control field 20201106091748.0
008 - FIXED-LENGTH DATA ELEMENTS--GENERAL INFORMATION
fixed length control field 850215s1985 gau b 000 0 eng
020 ## - INTERNATIONAL STANDARD BOOK NUMBER
International Standard Book Number 0931948770 :
040 ## - CATALOGING SOURCE
Transcribing agency PK-LaUMT
082 00 - DEWEY DECIMAL CLASSIFICATION NUMBER
Classification number 158.1
Edition number 19
Item number CLA-I
100 1# - MAIN ENTRY--PERSONAL NAME
Personal name Clance, Pauline Rose
245 14 - TITLE STATEMENT
Title The impostor phenomenon :
Remainder of title overcoming the fear that haunts your success /
Statement of responsibility, etc by Pauline Rose Clance
260 ## - PUBLICATION, DISTRIBUTION, ETC. (IMPRINT)
Place of publication, distribution, etc Atlanta, Ga. :
Name of publisher, distributor, etc Peachtree Publishers,
Date of publication, distribution, etc 1985
300 ## - PHYSICAL DESCRIPTION
Extent 209 p. ;
Dimensions 23 cm.
650 #0 - SUBJECT ADDED ENTRY--TOPICAL TERM
Topical term or geographic name as entry element Impostor phenomenon.
650 #0 - SUBJECT ADDED ENTRY--TOPICAL TERM
Topical term or geographic name as entry element Self-actualization
650 #0 - SUBJECT ADDED ENTRY--TOPICAL TERM
Topical term or geographic name as entry element Success
942 ## - ADDED ENTRY ELEMENTS (KOHA)
Koha item type Books
Holdings
Withdrawn status Lost status Damaged status Home library Current library Date acquired Full call number Barcode Date last seen Price effective from Koha item type
      UMT Main Campus UMT Main Campus 2020-11-06 158.1 CLA-I 135694 2022-07-07 2020-11-06 Books